| 000 | 00968nam a22002417a 4500 | ||
|---|---|---|---|
| 999 |
_c21961 _d21961 |
||
| 003 | AR-CdUCM | ||
| 008 | 190425b ||||| |||| 00| 0 spa d | ||
| 040 |
_aMUNICIPALIDAD PROVINCIAL DEL CUSCO _cBIBLIOTECA MUNICIPAL DEL CUSCO |
||
| 082 | _aEleconom/N°3/1980 | ||
| 110 |
_aUniversidad Nacional de San Antonio Abad del Cusco _915942 |
||
| 245 |
_aEl Economista / _cDirección del Programa Académico de Economía |
||
| 260 |
_aCusco : _bDirección del Programa Académico de Economía, _c1980. |
||
| 300 |
_a32 páginas. : _c29 cm. |
||
| 440 |
_aEl Economista. _nNúmero 3, año 1980 _947001 |
||
| 505 | _aContenido: Reflexiones sobre el Simposio de Democracia y economía de mercado. Luis Alberto Paliza. Perspectivas económicas de China. Dwight Perkings. | ||
| 650 |
_aEconomía _9382 |
||
| 650 |
_aTurismo _946997 |
||
| 650 |
_aEconomía de mercado _914 |
||
| 700 |
_aPaliza, Luis Alberto _947000 |
||
| 942 |
_2ddc _cPP |
||
| 945 | _avhl | ||